Hội nghị khoa học quản lý hợp lý rác thải đô thị Thành phố Hồ Chí Minh : TP. Hồ Chí Minh 16/8/1995

Cuốn sách hội nghị khoa học quản lý hợp lý rác thải đô thị thành phố Hồ Chí Minh sẽ đề cập đến những mục đích về hiện trạng hệ thống xử lý rác hiện nay tại thành phố Hồ Chí Minh, ảnh hưởng của rác đến môi trường, kiến nghị một s...

Disgrifiad llawn

Wedi'i Gadw mewn:
Manylion Llyfryddiaeth
Fformat: Llyfr
Iaith:Undetermined
Cyhoeddwyd: Thành phố Hồ Chí Minh Trung tâm công nghệ và quản lý môi trường 1995
Pynciau:
Tagiau: Ychwanegu Tag
Dim Tagiau, Byddwch y cyntaf i dagio'r cofnod hwn!
Thư viện lưu trữ: Trung tâm Học liệu Trường Đại học Cần Thơ
LEADER 01121nam a2200193Ia 4500
001 CTU_156444
008 210402s9999 xx 000 0 und d
082 |a 363.7291 
082 |b H452 
245 0 |a Hội nghị khoa học quản lý hợp lý rác thải đô thị Thành phố Hồ Chí Minh : 
245 0 |b TP. Hồ Chí Minh 16/8/1995 
260 |a Thành phố Hồ Chí Minh 
260 |b Trung tâm công nghệ và quản lý môi trường 
260 |c 1995 
520 |a Cuốn sách hội nghị khoa học quản lý hợp lý rác thải đô thị thành phố Hồ Chí Minh sẽ đề cập đến những mục đích về hiện trạng hệ thống xử lý rác hiện nay tại thành phố Hồ Chí Minh, ảnh hưởng của rác đến môi trường, kiến nghị một số vấn đề cấp bách cần giải quyết. 
650 |a Environmental,Môi trường 
650 |x Streets,Đô thị 
904 |i QHieu 
980 |a Trung tâm Học liệu Trường Đại học Cần Thơ